000 00802cab a2200253 4500
001 WB3110-54
008 090401t1995 xxu||||| |||| 00| 0 eng d
035 _a(Sirsi) u22853
041 _aeng
245 _aConstruction Industry Tax Deduction Scheme
260 _c1995
350 _a0
490 _aInland Revenue Press Release
_v1 March 1995 (16)
520 _aProvides a draft of the regulations introducing detailed changes to the Construction Industry Tax Deduction Scheme proposed by the Finance Bill 1995.
650 _aCONSTRUCTION INDUSTRY TAX DEDUCTION SCHEME
650 _aDRAFT REGULATIONS
650 _aFINANCE BILL 1995
650 _aSUBCONTRACTORS
650 _aTURNOVER TESTS
690 _aBUILT ENVIRONMENT
690 _aTAXATION
942 _n0
948 _c04/03/1997
999 _c15321
_d15321